Datum a čas kvízu
21
Celkem bodů
Celkový počet nahraných bodů na tomto kvízu bez doplňovacích otázek.
8.
Pořadí na kvízu
Konečné umístění týmu na tomto kvízu.
Zaznamenané odpovědi
| # | Otázka | Odpověď | Body | Výsledky |
|---|---|---|---|---|
| 1. | V médiích se minulý týden hojn... | Michal Hašek | 1 | |
| 2. | Italské letovisko, které je ob... | Bibione | 1 | |
| 3. | V Křižíkově pavilonu v pražský... | Pixar | 0 | |
| 4. | Jak se jmenuje slavný hollywoo... | Harrison Ford | 1 | |
| 5. | Jak se jmenuje historicky prvn... | Petra Vlhová | 1 | |
| 6. | Dlouhé názvy filmů byly v módě... | v neděli ráno | 1 | |
| 5. | V roce 1964 natočil slavný rež... | Dr. Divnoláska | 0 | |
| 5. | Rodinná komedie, kde se objevi... | žádné holce neopustil | 0 | |
| 5. | V roce 1981 natočil režisér Mi... | Matěji, proč | 1 | |
| 5. | Doplňte dvě slova do názvu fil... | v Belgii | 1 |